[Event "VIE-ch U13"]
[Site "Hai Phong"]
[Date "2018.07.07"]
[Round "2"]
[White "Tran, Hai Duc"]
[Black "Pham, Cong Minh"]
[Result "0-1"]
[WhiteElo "1840"]
[BlackElo "1858"]
[PlyCount "88"]
[EventDate "2018.07.07"]
[EventType "swiss"]
[EventRounds "9"]
[EventCountry "VIE"]
[SourceTitle "EXT 2019"]
[Source "ChessBase"]
[SourceDate "2018.10.10"]
[SourceVersion "1"]
[SourceVersionDate "2018.10.10"]
[SourceQuality "1"]

1. d4 e6 2. c4 f5 3. Nf3 Nf6 4. e3 Be7 5. Be2 0-0 6. 0-0 d6 7. b3 b6 8. Bb2 Bb7 9. Nbd2 Ne4 10. Qc2 Nd7 11. Rac1 Qe8 12. Rfe1 Qg6 13. Nxe4 Bxe4 14. Qd1 Rad8 15. Bf1 Bf6 16. Nd2 Bb7 17. Qc2 e5 18. Rcd1 Rde8 19. g3 Qg4 20. Be2 Qg6 21. Bf3 Bxf3 22. Nxf3 e4 23. Nd2 Bg5 24. Nf1 Nf6 25. Qe2 f4 26. exf4 Bxf4 27. Bc1 Bxc1 28. Rxc1 Ng4 29. Ne3 Nxf2 30. Rf1 Nh3+ 31. Kh1 Ng5 32. Nd5 Rf7 33. Rxf7 Qxf7 34. Rf1 Qd7 35. Rf4 c6 36. Ne3 Nf3 37. Nc2 d5 38. Kg2 g5 39. Rxf3 exf3+ 40. Qxf3 Qe6 41. Nb4 g4 42. Qf2 Qe4+ 43. Kg1 Qb1+ 44. Kg2 Qd1 0-1